000 00730nam a2200241Ia 4500
003 OSt
005 20220925222921.0
006 a|||||r|||| 00| 0
007 ta
008 220923b |||||||| |||| 00| 0 eng d
037 _cGeneral Book
040 _aRTL
_cRTL
_beng
041 _2eng
_aeng
082 _aX:54.3.K, A
100 _aPotter William
_9288545
245 0 _aKey of wealth or a new way for imprving of trade
260 _aLondon
_bR A
_c1950
300 _a84p
_ccm.
490 _aReprints of Classic English Works on the History and Development of Economic thought. ed by W E Minchinton
650 _aTrade
942 _hX:54.3.K, A
_cGB
_2CC
999 _c578125
_d578125